| 000 -NÁVESTIE |
| fixed length control field |
00592nam a2200181 a 4500 |
| 008 - ÚDAJE S PEVNOU DĹŽKOU – VŠEOBECNÉ INFORMÁCIE |
| fixed length control field |
951213s1960||||[C 0 slo c |
| 040 ## - ZDROJ KATALOGIZÁCIE |
| Pôvodná katalogizujúca agentúra |
SNK |
| Jazyk katalogizácie |
slo |
| Prepisujúca agentúra |
SNK |
| Konvencie popisu |
AACR2 |
| 041 1# - KÓD JAZYKA |
| Kód jazyka textu/zvukovej stopy alebo samostatných nápisov |
slo |
| Kód jazyka originálu a/alebo sprostredkujúcich prekladov textu |
slo |
| 044 ## - KÓD KRAJINY VYDAVATEĽA/PRODUCENTA |
| Kód krajiny MARC |
xo |
| Kód krajiny ISO |
SK |
| 080 ## - ČÍSLO MEDZINÁRODNÉHO DESATINNÉHO TRIEDENIA (MDT) |
| Číslo Medzinárodného desatinného triedenia (MDT) |
1 100(073) |
| 020 ## - MEDZINÁRODNÉ ŠTANDARDNÉ ČÍSLO KNIHY (ISBN) |
| Údaje o dostupnosti |
21,80 |
| 245 10 - NÁZOV |
| Názov |
Základy marxizmu-leninizmu |
| Zvyšok názvu |
Osnovy |
| 260 ## - VYDAVATEĽSKÉ ÚDAJE, DISTRIBÚCIA ATĎ. |
| Miesto publikovania, distribúcie atď. |
Bratislava |
| Názov vydavateľa, distibútora atď. |
SVPL |
| Dátum publikovania, distribúcie atď. |
1960 |
| Miesto výroby |
Bratislava |
| Výrobca |
Pravda |
| 300 ## - FYZICKÝ POPIS |
| Rozsah |
40 s. |
| Rozmery |
21 cm |
| 490 0# - EDÍCIA |
| Edícia |
Stranícke vzdelávanie 1978/1979 |
| 500 ## - VŠEOBECNÁ POZNÁMKA |
| Formátovaná poznámka o obsahu |
Lit. 125. Vyd. pre potreby lektorov a propagandistov. 125 zázn. lit. o knihách, čl. a novinách v jaz. slov., čes. a rus. |
| 958 ## - Formálny deskriptor |
| Formálny deskriptor |
A |